<?xml version="1.0" encoding="UTF-8"?>
<marc:record xmlns:marc="http://www.loc.gov/MARC21/slim">
   <marc:leader>00000nam a2200000 a 4500</marc:leader>
   <marc:datafield ind1="1" ind2=" " tag="100">
      <marc:subfield code="a">Dicker, Joël</marc:subfield>
      <marc:subfield code="4">aut</marc:subfield>
      <marc:subfield code="e">Verfasser/-in</marc:subfield>
   </marc:datafield>
   <marc:datafield ind1=" " ind2=" " tag="653">
      <marc:subfield code="a">Familie</marc:subfield>
   </marc:datafield>
   <marc:datafield ind1=" " ind2=" " tag="653">
      <marc:subfield code="a">Gespenst</marc:subfield>
   </marc:datafield>
   <marc:datafield ind1=" " ind2=" " tag="653">
      <marc:subfield code="a">Juwelenraub</marc:subfield>
   </marc:datafield>
   <marc:datafield ind1=" " ind2=" " tag="653">
      <marc:subfield code="a">Genf</marc:subfield>
   </marc:datafield>
   <marc:datafield ind1="0" ind2="0" tag="245">
      <marc:subfield code="a">Ein ungezähmtes Tier</marc:subfield>
   </marc:datafield>
   <marc:datafield ind1=" " ind2="1" tag="264">
      <marc:subfield code="b">Piper</marc:subfield>
      <marc:subfield code="c">2025</marc:subfield>
   </marc:datafield>
   <marc:datafield ind1="1" ind2=" " tag="520">
      <marc:subfield code="a">2. Juli 2022: In Genf bereiten zwei Einbrecher den Überfall auf einen Juwelier vor. Doch dieser Raub ist alles andere als zufälliges Verbrechen. Fünf Tage zuvor plant Sophie Braun ein großes Fest anlässlich ihres 40. Geburtstags. Sie lebt mit ihrer Familie in einem großzügigen Haus am Genfer See, das Leben scheint ihr zuzulächeln. Aber die Idylle trügt. Denn ihr Ehemann ist offenbar in kriminelle Machenschaften verstrickt. Ihr Nachbar, ein vermeintlich untadeliger Polizist, spioniert die intimsten Winkel ihres Lebens aus. Und dann offeriert ihr ein Unbekannter ein Geschenk, das sie tief erschüttern wird. Was verbirgt sich hinter der schillernden Fassade des privilegierten Paars? Und was verbindet sie mit dem raffinierten Juwelenraub (Verlagstext</marc:subfield>
   </marc:datafield>
   <marc:datafield ind1=" " ind2=" " tag="020">
      <marc:subfield code="a">9783492073448</marc:subfield>
      <marc:subfield code="9">9783492073448</marc:subfield>
   </marc:datafield>
</marc:record>
